000 00707nam a22002297a 4500
003 UA-OsUOA
001 108004
007 ta
008 20140924b un ||||| |||| 00| 0 ukr d
100 _aГорьовий В.П.
700 _aСидоренко О.В.
090 _a330(477)
_bГ71
942 _cSA
040 _aUA-OsUOA
_bukr
_cUA-OsUOA
_dUA-OsUOA
245 _aКогнітивне моделювання біржового ринку сільськогосподарської продукції
300 _aС.25-33
955 _a0
041 _aukr
080 _a330(477)
773 0 _w108002
_tЕкономіка АПК
_dК.
_d2014
_g9
650 7 _a330 Економіка взагалі
_2UDC
999 _c394574
_d394574